000 00567nam a22001817a 4500
005 20251108173014.0
008 250721s2001 xx 000 0 ara d
082 1 4 _a265.4 /صلا
100 1 _aالصلال، عايدة
245 1 0 _aالشعراوي و قضايا المراة المسلمة و النجاة من النار /
264 1 _aبيروت :
_bدار اليوسف،
_c2001.
300 _a121 ص.
650 1 7 _aالمرأةالمسلمة
650 1 7 _aالفقة الإسلامي
650 1 7 _aالفتاوى
942 _2ddc
_cBK
999 _c93841
_d93841